[Event "SUI-ch op"]
[Site "Flims"]
[Date "2016.07.14"]
[Round "8"]
[White "Burnier, David"]
[Black "Aeschbach, Philipp"]
[Result "0-1"]
[WhiteElo "2305"]
[BlackElo "2249"]
[PlyCount "90"]
[EventDate "2016.07.08"]
[EventType "swiss"]
[EventRounds "9"]
[EventCountry "SUI"]
[SourceTitle "CBM 173 Extra"]
[Source "ChessBase"]
[SourceDate "2016.08.29"]
[SourceVersion "1"]
[SourceVersionDate "2016.08.29"]
[SourceQuality "1"]

1. d4 d5 2. c4 c6 3. Nf3 Nf6 4. Nc3 dxc4 5. a4 Bf5 6. e3 e6 7. Bxc4 Bb4 8. 0-0 Nbd7 9. Qe2 0-0 10. e4 Bg6 11. e5 Nd5 12. Nxd5 cxd5 13. Bd3 Re8 14. Be3 Bxd3 15. Qxd3 Qb6 16. Ng5 Nf8 17. f4 h6 18. Nf3 Rac8 19. Rac1 Rc6 20. Rxc6 Qxc6 21. Qb3 Qc4 22. Qxc4 dxc4 23. Rc1 Rc8 24. Bd2 a5 25. Bc3 Nd7 26. Nd2 Nb6 27. Kf1 Nd5 28. g3 b6 29. Ke2 Be7 30. Nb1 Kh7 31. Bd2 Bb4 32. Bc3 g5 33. fxg5 hxg5 34. Nd2 Be7 35. Ne4 Kg6 36. Kf3 Rh8 37. Kg2 g4 38. Bd2 Bb4 39. Kg1 Kf5 40. Nc3 Bxc3 41. Bxc3 Ke4 42. Rd1 Ke3 43. Kg2 Nxc3 44. bxc3 Ke2 45. Rf1 Rxh2+ 0-1

[Event "SUI-ch HT"]
[Site "Bern"]
[Date "2014.09.29"]
[Round "4"]
[White "Riesen, Markus"]
[Black "Burnier, David"]
[Result "1/2-1/2"]
[WhiteElo "2012"]
[BlackElo "2298"]
[PlyCount "88"]
[EventDate "2014.09.27"]
[EventType "swiss"]
[EventRounds "9"]
[EventCountry "SUI"]
[SourceTitle "EXT 2016"]
[Source "ChessBase"]
[SourceDate "2015.10.08"]
[SourceVersion "1"]
[SourceVersionDate "2015.10.08"]
[SourceQuality "1"]

1. d4 Nf6 2. c4 g6 3. Nc3 d5 4. Nf3 Bg7 5. cxd5 Nxd5 6. e4 Nxc3 7. bxc3 c5 8. Be3 Qa5 9. Qd2 Nc6 10. Rc1 cxd4 11. cxd4 Qxd2+ 12. Kxd2 0-0 13. Bb5 f5 14. Bxc6 bxc6 15. exf5 Bxf5 16. Rxc6 Rfb8 17. Ra1 Rb2+ 18. Kc1 Rb7 19. Rc5 Rd8 20. Ne5 Bxe5 21. Rxe5 Kf7 22. Rc5 Rdb8 23. a4 a6 24. a5 Rb2 25. Kd1 R8b3 26. Rac1 Ra2 27. R1c3 Rxc3 28. Rxc3 Rxa5 29. Ke2 Ra2+ 30. Kf3 a5 31. h4 a4 32. Bc1 Be6 33. Ba3 Bb3 34. Bb4 Bd5+ 35. Ke3 Bxg2 36. Rc7 h5 37. Rxe7+ Kf6 38. Ra7 Bd5 39. Ra5 Bc4 40. f3 Bb3 41. Ra6+ Kf7 42. Ra7+ Ke6 43. Ra6+ Kf7 44. Ra7+ Ke6 1/2-1/2

[Event "Liechtenstein op 32nd"]
[Site "Triesen"]
[Date "2014.05.29"]
[Round "7"]
[White "Farago, Ivan"]
[Black "Burnier, David"]
[Result "1/2-1/2"]
[WhiteElo "2441"]
[BlackElo "2329"]
[PlyCount "61"]
[EventDate "2014.05.23"]
[EventType "swiss"]
[EventRounds "9"]
[EventCountry "LIE"]
[SourceTitle "CBM 160 Extra"]
[Source "ChessBase"]
[SourceDate "2014.07.01"]
[SourceVersion "1"]
[SourceVersionDate "2014.07.01"]
[SourceQuality "1"]

1. d4 Nf6 2. c4 g6 3. Nc3 d5 4. Nf3 Bg7 5. Qa4+ Bd7 6. Qb3 dxc4 7. Qxc4 0-0 8. Bf4 Bc6 9. e3 Bxf3 10. gxf3 c6 11. Qb3 Nbd7 12. Be2 Nb6 13. Rd1 Nfd5 14. Bg3 a5 15. Nxd5 Nxd5 16. Qxb7 a4 17. a3 Qa5+ 18. Kf1 Rfc8 19. e4 Qb6 20. Qxb6 Nxb6 21. Bf4 c5 22. dxc5 Rxc5 23. Be3 Rc6 24. Bb5 Re6 25. Rd2 Rb8 26. Ke2 Bxb2 27. Rxb2 Nc4 28. Rhb1 Nxb2 29. Bd7 Ra6 30. Bd4 Rd6 31. Be5 1/2-1/2

[Event "Liechtenstein op 32nd"]
[Site "Triesen"]
[Date "2014.05.28"]
[Round "6"]
[White "Burnier, David"]
[Black "Vanheirzeele, Daniel"]
[Result "1-0"]
[WhiteElo "2329"]
[BlackElo "2080"]
[PlyCount "77"]
[EventDate "2014.05.23"]
[EventType "swiss"]
[EventRounds "9"]
[EventCountry "LIE"]
[SourceTitle "CBM 160 Extra"]
[Source "ChessBase"]
[SourceDate "2014.07.01"]
[SourceVersion "1"]
[SourceVersionDate "2014.07.01"]
[SourceQuality "1"]

1. e4 c5 2. Nf3 d6 3. d4 cxd4 4. Nxd4 Nf6 5. Nc3 g6 6. Be3 Bg7 7. f3 a6 8. Qd2 h5 9. Bc4 Nbd7 10. a4 Qc7 11. Bb3 b6 12. 0-0 Bb7 13. Nd5 Nxd5 14. exd5 h4 15. f4 h3 16. g3 0-0-0 17. c4 Nc5 18. Bc2 e5 19. fxe5 dxe5 20. Ne2 f5 21. b4 Ne6 22. a5 bxa5 23. Rxa5 Kb8 24. Bb3 g5 25. Rxf5 Nf4 26. gxf4 gxf4 27. Nxf4 Bh6 28. Ne6 Rhg8+ 29. Kf1 Qh7 30. Bc2 Bxe3 31. Qxe3 Rde8 32. Qxe5+ Ka7 33. Be4 Qh4 34. Ra2 Qg4 35. Qd4+ Kb8 36. Re2 Rxe6 37. dxe6 Bxe4 38. Qb6+ Bb7 39. Rf7 1-0

[Event "Biel MTO op 46th"]
[Site "Biel"]
[Date "2013.07.30"]
[Round "8"]
[White "Burnier, David"]
[Black "Hakimifard, Ghazal"]
[Result "1-0"]
[WhiteElo "2347"]
[BlackElo "2196"]
[PlyCount "107"]
[EventDate "2013.07.22"]
[EventType "swiss"]
[EventRounds "11"]
[EventCountry "SUI"]
[SourceTitle "CBM 155 Extra"]
[Source "ChessBase"]
[SourceDate "2013.08.26"]
[SourceVersion "1"]
[SourceVersionDate "2013.08.26"]
[SourceQuality "1"]

1. d4 Nf6 2. c4 e6 3. Nf3 b6 4. g3 Bb7 5. Bg2 Be7 6. 0-0 0-0 7. Nc3 Ne4 8. Bd2 f5 9. d5 Bf6 10. Rc1 Na6 11. a3 Nac5 12. b4 Bxc3 13. Bxc3 Nxc3 14. Rxc3 Ne4 15. Rc1 a5 16. Qb3 Qf6 17. e3 axb4 18. axb4 Ra7 19. Rfd1 Rfa8 20. dxe6 Ra3 21. Qb1 dxe6 22. Nd4 Qe7 23. c5 Ra1 24. c6 Rxb1 25. cxb7 Rf8 26. Rxb1 c6 27. b8Q Rxb8 28. Nxc6 Qe8 29. Nxb8 Qxb8 30. Bxe4 fxe4 31. Rd4 Qe5 32. Rc1 h5 33. h4 Qf5 34. Rc6 Kf7 35. Rxb6 Kf6 36. Rc6 Qf3 37. Rc5 e5 38. Rd2 Kf5 39. Rc7 Kg4 40. Kh2 Qf8 41. Rcd7 g5 42. hxg5 h4 43. g6 Qh6 44. gxh4 Qxg6 45. R2d6 Qg8 46. b5 Kf3 47. Rf6+ Ke2 48. Kh3 Kf1 49. Rd1+ Ke2 50. Rdd6 Kf1 51. Rg6 Qb8 52. Rd2 Qh8 53. Rb2 Qh5 54. Rg3 1-0

[Event "Biel MTO op 46th"]
[Site "Biel"]
[Date "2013.07.25"]
[Round "4"]
[White "Burnier, David"]
[Black "Gharamian, Tigran"]
[Result "0-1"]
[WhiteElo "2347"]
[BlackElo "2655"]
[PlyCount "122"]
[EventDate "2013.07.22"]
[EventType "swiss"]
[EventRounds "11"]
[EventCountry "SUI"]
[SourceTitle "CBM 155 Extra"]
[Source "ChessBase"]
[SourceDate "2013.08.26"]
[SourceVersion "1"]
[SourceVersionDate "2013.08.26"]
[SourceQuality "1"]

1. e4 c5 2. Nf3 d6 3. d4 cxd4 4. Nxd4 e6 5. Nc3 a6 6. Be2 Nf6 7. Be3 Qc7 8. 0-0 Be7 9. f4 0-0 10. g4 Re8 11. g5 Nfd7 12. Bd3 Nc6 13. Qh5 g6 14. Qh4 Bf8 15. Rf3 Bg7 16. Nde2 Nf8 17. Raf1 b5 18. f5 Ne5 19. f6 Nxf3+ 20. Rxf3 Bh8 21. Qh6 b4 22. Nd1 e5 23. Nf2 Be6 24. h4 Qa5 25. h5 Qxa2 26. hxg6 fxg6 27. b3 Rec8 28. Ng4 Rc7 29. Qh4 Kf7 30. Nh6+ Ke8 31. Qe1 Rb8 32. Qd2 Rc6 33. Rf1 Qa5 34. Bc4 Bxc4 35. bxc4 Rd8 36. Qd3 Qa2 37. c5 Qe6 38. Rd1 Rd7 39. Qd5 dxc5 40. Qxe6+ Rxe6 41. Rd5 Bxf6 42. gxf6 Rxf6 43. Bxc5 Rxd5 44. exd5 a5 45. Ng4 Rf5 46. Nf2 Nd7 47. Be3 Rf3 48. Nd1 Nf6 49. Kg2 e4 50. Nd4 Nxd5 51. Nxf3 exf3+ 52. Kxf3 Nxe3 53. Nxe3 Ke7 54. Ke4 Ke6 55. Nd5 g5 56. Nb6 h5 57. Na4 h4 58. Nc5+ Ke7 59. Na4 h3 60. Kf3 g4+ 61. Kg3 Kd6 0-1

[Event "SUI-ch 113th"]
[Site "Graechen"]
[Date "2013.07.15"]
[Round "5"]
[White "Burnier, David"]
[Black "Arcuti, Davide"]
[Result "1-0"]
[WhiteElo "2347"]
[BlackElo "2040"]
[PlyCount "95"]
[EventDate "2013.07.11"]
[EventType "swiss"]
[EventRounds "9"]
[EventCountry "SUI"]
[SourceTitle "CBM 155 Extra"]
[Source "ChessBase"]
[SourceDate "2013.08.26"]
[SourceVersion "1"]
[SourceVersionDate "2013.08.26"]
[SourceQuality "1"]

1. d4 Nf6 2. c4 e6 3. Nf3 d5 4. Nc3 Nbd7 5. Bf4 c6 6. e3 Be7 7. h3 0-0 8. Qc2 Qa5 9. Nd2 c5 10. dxc5 Nxc5 11. a3 Nce4 12. Nb3 Qd8 13. Nxe4 dxe4 14. Be2 Bd7 15. Rd1 Qc8 16. Nd2 Bc6 17. 0-0 b6 18. Nb1 a5 19. Nc3 Qb7 20. Bd6 Bxd6 21. Rxd6 Ne8 22. Rd2 f5 23. Rfd1 Nf6 24. b4 axb4 25. axb4 e5 26. Bf1 f4 27. b5 Be8 28. Rd6 Bh5 29. R1d2 Ra1 30. Rd8 Qf7 31. Rxf8+ Qxf8 32. exf4 Qa3 33. fxe5 Rc1 34. Qb2 Qxb2 35. Rxb2 Rxc3 36. exf6 gxf6 37. g4 Bf7 38. Rd2 Rc1 39. Rd4 Re1 40. Kg2 f5 41. gxf5 Bh5 42. c5 Bf3+ 43. Kg3 bxc5 44. Bc4+ Kg7 45. Rd6 Rc1 46. f6+ Kg6 47. f7+ Kg5 48. Rd5+ 1-0

[Event "Arco op 34th"]
[Site "Arco"]
[Date "2012.10.21"]
[Round "9"]
[White "Zucchelli, Massimo"]
[Black "Burnier, David"]
[Result "0-1"]
[WhiteElo "2176"]
[BlackElo "2313"]
[PlyCount "52"]
[EventDate "2012.10.13"]
[EventType "swiss"]
[EventRounds "9"]
[EventCountry "ITA"]
[SourceTitle "EXT 2013"]
[Source "ChessBase"]
[SourceDate "2012.11.22"]
[SourceVersion "1"]
[SourceVersionDate "2012.11.22"]
[SourceQuality "1"]

1. d4 Nf6 2. c4 g6 3. Nc3 d5 4. Nf3 Bg7 5. Bf4 0-0 6. Rc1 Be6 7. e3 dxc4 8. e4 c6 9. Ng5 b5 10. Bxb8 Rxb8 11. Nxe6 fxe6 12. Be2 b4 13. e5 Bh6 14. exf6 Bxc1 15. fxe7 Qxe7 16. Qxc1 bxc3 17. bxc3 c5 18. 0-0 cxd4 19. cxd4 Rfc8 20. Qe3 Qd6 21. h4 c3 22. Bg4 Rb6 23. h5 Rc7 24. d5 Qxd5 25. Rd1 c2 26. Bxe6+ Rxe6 0-1

[Event "Arco op 34th"]
[Site "Arco"]
[Date "2012.10.19"]
[Round "7"]
[White "Burnier, David"]
[Black "Messina, Roberta"]
[Result "1-0"]
[WhiteElo "2313"]
[BlackElo "1983"]
[PlyCount "51"]
[EventDate "2012.10.13"]
[EventType "swiss"]
[EventRounds "9"]
[EventCountry "ITA"]
[SourceTitle "EXT 2013"]
[Source "ChessBase"]
[SourceDate "2012.11.22"]
[SourceVersion "1"]
[SourceVersionDate "2012.11.22"]
[SourceQuality "1"]

1. d4 Nf6 2. c4 Nc6 3. Nc3 e6 4. Nf3 Bb4 5. Qc2 d6 6. Bd2 Qe7 7. a3 Bxc3 8. Bxc3 0-0 9. e3 e5 10. d5 Nb8 11. Nd2 Nbd7 12. b4 c6 13. dxc6 bxc6 14. Bd3 d5 15. 0-0 e4 16. Be2 Ne5 17. b5 dxc4 18. bxc6 Nxc6 19. Bxf6 Qxf6 20. Nxe4 Qg6 21. Qxc4 Bb7 22. Ng3 Rac8 23. Rad1 Rfe8 24. Bh5 Qf6 25. Ne4 Qf5 26. Qxf7+ 1-0

[Event "Arco op 34th"]
[Site "Arco"]
[Date "2012.10.18"]
[Round "6"]
[White "Tocco, Paolo"]
[Black "Burnier, David"]
[Result "1-0"]
[WhiteElo "2133"]
[BlackElo "2313"]
[PlyCount "53"]
[EventDate "2012.10.13"]
[EventType "swiss"]
[EventRounds "9"]
[EventCountry "ITA"]
[SourceTitle "EXT 2013"]
[Source "ChessBase"]
[SourceDate "2012.11.22"]
[SourceVersion "1"]
[SourceVersionDate "2012.11.22"]
[SourceQuality "1"]

1. f4 d5 2. e3 Nf6 3. Nf3 Bg4 4. h3 Bxf3 5. Qxf3 Nbd7 6. g4 e6 7. Nc3 g6 8. d3 c5 9. e4 d4 10. Ne2 e5 11. f5 Qb6 12. Bg2 0-0-0 13. 0-0 h6 14. c3 Be7 15. a4 g5 16. a5 Qa6 17. Bd2 h5 18. b4 hxg4 19. hxg4 Rh4 20. cxd4 Nxg4 21. f6 Bxf6 22. b5 Qd6 23. dxc5 Qxc5+ 24. d4 Qd6 25. Rfc1+ Kb8 26. Be1 exd4 27. e5 1-0

[Event "Arco op 34th"]
[Site "Arco"]
[Date "2012.10.13"]
[Round "1"]
[White "Burnier, David"]
[Black "Coolen, Marlo"]
[Result "1-0"]
[WhiteElo "2313"]
[BlackElo "1873"]
[PlyCount "63"]
[EventDate "2012.10.13"]
[EventType "swiss"]
[EventRounds "9"]
[EventCountry "ITA"]
[SourceTitle "EXT 2013"]
[Source "ChessBase"]
[SourceDate "2012.11.22"]
[SourceVersion "1"]
[SourceVersionDate "2012.11.22"]
[SourceQuality "1"]

1. d4 Nf6 2. c4 e6 3. Nf3 c6 4. Nc3 d5 5. e3 Be7 6. Bd3 dxc4 7. Bxc4 b5 8. Bd3 Bb7 9. 0-0 a6 10. e4 Nbd7 11. e5 Nd5 12. Nxd5 cxd5 13. Bd2 Rc8 14. Qb3 Qb6 15. a4 Bc6 16. a5 Qd8 17. Ne1 0-0 18. f4 Re8 19. f5 Bg5 20. Bxg5 Qxg5 21. Nc2 Nf8 22. f6 Ng6 23. Rf3 gxf6 24. Rxf6 Nxe5 25. dxe5 d4 26. Rf2 Bd5 27. Qb4 Qxe5 28. Re1 Qg7 29. Qxd4 f6 30. Re3 Kf7 31. Rg3 Qh6 32. Rh3 1-0

[Event "SUI-chB"]
[Site "Flims"]
[Date "2012.07.17"]
[Round "6"]
[White "Burnier, David"]
[Black "Huss, Andreas"]
[Result "0-1"]
[WhiteElo "2315"]
[BlackElo "2319"]
[PlyCount "138"]
[EventDate "2012.07.12"]
[EventType "swiss"]
[EventRounds "9"]
[EventCountry "SUI"]
[SourceTitle "CBM 149 Extra"]
[Source "ChessBase"]
[SourceDate "2012.08.24"]
[SourceVersion "1"]
[SourceVersionDate "2012.08.24"]
[SourceQuality "1"]

1. d4 e6 2. c4 Nf6 3. Nc3 Bb4 4. e3 b6 5. Nge2 Ba6 6. Ng3 Bxc3+ 7. bxc3 d5 8. Ba3 Bxc4 9. Bxc4 dxc4 10. 0-0 Qd5 11. Rb1 Qc6 12. e4 Nbd7 13. d5 Qb7 14. dxe6 fxe6 15. Qa4 0-0-0 16. Qxc4 Rhe8 17. Qe2 Qc6 18. Rb3 Ne5 19. Bc1 Qc4 20. Qxc4 Nxc4 21. f3 c5 22. Bf4 Rd3 23. Ne2 Red8 24. Nc1 Rd1 25. e5 Rxf1+ 26. Kxf1 Nxe5 27. Bxe5 Rd1+ 28. Ke2 Rxc1 29. Rb2 Rg1 30. Kf2 Rd1 31. Ke2 Rg1 32. Kf2 Rd1 33. Ke2 Rd5 34. f4 Rd7 35. h3 Kb7 36. a4 Kc6 37. c4 h5 38. a5 h4 39. axb6 axb6 40. Ra2 Kb7 41. Ra3 Ne4 42. Re3 Ng3+ 43. Kf3 Nf5 44. Re4 Rd3+ 45. Kf2 Kc6 46. Bb8 Kd7 47. Be5 Rd1 48. Re2 Rc1 49. Re4 Ng3 50. Re1 Rxc4 51. Rd1+ Ke7 52. Bxg7 Rxf4+ 53. Ke3 Rb4 54. Kf3 Nf5 55. Be5 Nd4+ 56. Ke3 Nf5+ 57. Kf3 b5 58. Ra1 Ra4 59. Rc1 c4 60. Rc3 Ra2 61. Rc1 Kd7 62. Bc3 Ra3 63. Ke4 Rb3 64. Be5 Kc6 65. Ra1 Re3+ 66. Kf4 Kd5 67. Bf6 Re4+ 68. Kf3 Nd4+ 69. Kf2 Rf4+ 0-1

[Event "SUI-chB"]
[Site "Flims"]
[Date "2012.07.15"]
[Round "4"]
[White "Burnier, David"]
[Black "Zuelle, Bruno"]
[Result "1/2-1/2"]
[WhiteElo "2315"]
[BlackElo "2096"]
[PlyCount "56"]
[EventDate "2012.07.12"]
[EventType "swiss"]
[EventRounds "9"]
[EventCountry "SUI"]
[SourceTitle "CBM 149 Extra"]
[Source "ChessBase"]
[SourceDate "2012.08.24"]
[SourceVersion "1"]
[SourceVersionDate "2012.08.24"]
[SourceQuality "1"]

1. d4 Nf6 2. c4 e6 3. Nc3 Bb4 4. e3 0-0 5. Nge2 d5 6. a3 Be7 7. cxd5 exd5 8. Nf4 c6 9. Bd3 Re8 10. 0-0 Nbd7 11. f3 Nf8 12. Bc2 Ne6 13. e4 Nxf4 14. Bxf4 Nh5 15. Be3 g6 16. Qd2 Ng7 17. Bb3 Be6 18. Ba2 Qd7 19. b4 dxe4 20. fxe4 f5 21. d5 cxd5 22. exd5 Bf7 23. Bd4 Bd6 24. Rae1 Rxe1 25. Rxe1 a6 26. Qh6 Nh5 27. Rf1 Re8 28. Rf3 Be5 1/2-1/2

[Event "SUI-chB"]
[Site "Flims"]
[Date "2012.07.14"]
[Round "3"]
[White "Chiang, Michael"]
[Black "Burnier, David"]
[Result "1/2-1/2"]
[WhiteElo "2144"]
[BlackElo "2315"]
[PlyCount "99"]
[EventDate "2012.07.12"]
[EventType "swiss"]
[EventRounds "9"]
[EventCountry "SUI"]
[SourceTitle "CBM 149 Extra"]
[Source "ChessBase"]
[SourceDate "2012.08.24"]
[SourceVersion "1"]
[SourceVersionDate "2012.08.24"]
[SourceQuality "1"]

1. e4 e5 2. Nf3 Nc6 3. Bb5 a6 4. Ba4 Nf6 5. 0-0 b5 6. Bb3 Bb7 7. Ng5 d5 8. exd5 Nd4 9. Re1 Bd6 10. Nf3 0-0 11. Nxe5 Re8 12. f4 Nxb3 13. axb3 Bxe5 14. Rxe5 Rxe5 15. fxe5 Qxd5 16. Qe2 Re8 17. Nc3 Qd4+ 18. Qf2 Qxe5 19. d3 Ng4 20. Bf4 Nxf2 21. Bxe5 Nh3+ 22. gxh3 Rxe5 23. Ne4 f5 24. Ng3 g6 25. Kf2 b4 26. Ra4 Rc5 27. Rxb4 Rxc2+ 28. Ke3 Bd5 29. Ne2 g5 30. Nc3 Bf7 31. h4 f4+ 32. Ke4 Bg6+ 33. Ke5 Bxd3 34. Kf6 h6 35. Rd4 Bb5 36. Nxb5 Rc6+ 37. Kf5 axb5 38. hxg5 Rc5+ 39. Kxf4 hxg5+ 40. Kg4 Kf7 41. b4 Rc2 42. Kxg5 Rxh2 43. Rd7+ Ke6 44. Rxc7 Rxb2 45. Kf4 Kd6 46. Rc8 Rxb4+ 47. Ke3 Rb2 48. Kd4 b4 49. Rb8 Rb1 50. Kc4 1/2-1/2

[Event "Geneve op 28th"]
[Site "Geneve"]
[Date "2011.12.30"]
[Round "7"]
[White "Gurtner, Daniel"]
[Black "Burnier, David"]
[Result "1-0"]
[WhiteElo "2148"]
[BlackElo "2325"]
[PlyCount "39"]
[EventDate "2011.12.26"]
[EventType "swiss"]
[EventRounds "7"]
[EventCountry "SUI"]
[SourceTitle "CBM 146 Extra"]
[Source "ChessBase"]
[SourceDate "2012.02.29"]
[SourceVersion "1"]
[SourceVersionDate "2012.02.29"]
[SourceQuality "1"]

1. e4 e5 2. Nf3 Nc6 3. Bc4 Nf6 4. d4 exd4 5. e5 d5 6. Bb5 Ne4 7. Nxd4 Bd7 8. Bxc6 bxc6 9. 0-0 Bc5 10. Be3 Bb6 11. Nd2 Nxd2 12. Qxd2 0-0 13. a4 a5 14. Bg5 Qe8 15. Rfe1 c5 16. Bf6 h6 17. Ra3 Kh7 18. Bxg7 Kxg7 19. Rg3+ Kh7 20. Qd3+ 1-0

[Event "Liechtenstein op 29th"]
[Site "Triesen"]
[Date "2011.06.03"]
[Round "8"]
[White "Burnier, David"]
[Black "Gorse, Gerard"]
[Result "1-0"]
[WhiteElo "2337"]
[BlackElo "2073"]
[PlyCount "113"]
[EventDate "2011.05.27"]
[EventType "swiss"]
[EventRounds "9"]
[EventCountry "LIE"]
[SourceTitle "CBM 142 Extra"]
[Source "ChessBase"]
[SourceDate "2011.06.27"]
[SourceVersion "1"]
[SourceVersionDate "2011.06.27"]
[SourceQuality "1"]

1. d4 f5 2. Bg5 g6 3. Nc3 Bg7 4. e4 fxe4 5. Nxe4 Nf6 6. Nxf6+ exf6 7. Be3 d5 8. Qd2 Nc6 9. h4 h5 10. Bd3 Ne7 11. Ne2 Bf5 12. Nf4 Qd7 13. 0-0-0 0-0-0 14. Rde1 Kb8 15. Kb1 Qe8 16. f3 Qf7 17. Be2 Rde8 18. Nd3 Bxd3 19. Bxd3 Nc8 20. Bf4 Rxe1+ 21. Rxe1 Re8 22. Bb5 Rxe1+ 23. Qxe1 Qe7 24. Qxe7 Nxe7 25. Bd7 Nf5 26. Bxf5 gxf5 27. Kc1 Kc8 28. Kd2 Kd7 29. b3 Bf8 30. c4 Bb4+ 31. Ke2 c6 32. a4 Ke6 33. g3 a6 34. Bc7 Bc3 35. Kd3 Be1 36. c5 Bb4 37. Bf4 Be1 38. Ke2 Bc3 39. Be3 Bb4 40. Bd2 Ba3 41. Kd3 Bb2 42. b4 Kf7 43. Be3 Ke6 44. Kc2 Ba1 45. Bf2 Kf7 46. Kb3 Ke6 47. Be3 Kf7 48. b5 axb5 49. axb5 f4 50. gxf4 f5 51. Kb4 Ke8 52. Ka5 Bc3+ 53. Kb6 cxb5 54. Kxb7 Kd8 55. c6 Ba5 56. Bd2 Bc7 57. Bb4 1-0

[Event "SUI-ch op"]
[Site "Lenzerheide"]
[Date "2010.07.16"]
[Round "9"]
[White "Burnier, David"]
[Black "Skouvaklis, Alexis"]
[Result "1-0"]
[WhiteElo "2309"]
[BlackElo "2079"]
[PlyCount "65"]
[EventDate "2010.07.08"]
[EventType "swiss"]
[EventRounds "9"]
[EventCountry "SUI"]
[SourceTitle "CBM 137 Extra"]
[Source "ChessBase"]
[SourceDate "2010.09.01"]
[SourceVersion "1"]
[SourceVersionDate "2010.09.01"]
[SourceQuality "1"]

1. d4 d5 2. c4 e6 3. Nc3 c6 4. Nf3 Nf6 5. e3 Nbd7 6. Qc2 Bd6 7. g4 Nxg4 8. Rg1 h5 9. h3 Ngf6 10. Bd2 Rg8 11. 0-0-0 a6 12. e4 dxe4 13. Nxe4 Nxe4 14. Qxe4 Nf6 15. Qh4 Qc7 16. Ne5 c5 17. Qxf6 gxf6 18. Rxg8+ Ke7 19. Bh6 fxe5 20. dxc5 Qxc5 21. Bf8+ Kf6 22. Bxd6 Qc6 23. b3 b6 24. Bg2 e4 25. h4 e5 26. Rd5 Be6 27. Bxe5+ Ke7 28. Rd6 Qb7 29. Rg5 Bg4 30. Rd5 Be6 31. Bd6+ Kd7 32. Rd4 Rh8 33. Be5+ 1-0

[Event "SUI-ch op"]
[Site "Lenzerheide"]
[Date "2010.07.13"]
[Round "6"]
[White "Burnier, David"]
[Black "Beney, Eddy"]
[Result "1-0"]
[WhiteElo "2309"]
[BlackElo "2103"]
[PlyCount "37"]
[EventDate "2010.07.08"]
[EventType "swiss"]
[EventRounds "9"]
[EventCountry "SUI"]
[SourceTitle "CBM 137 Extra"]
[Source "ChessBase"]
[SourceDate "2010.09.01"]
[SourceVersion "1"]
[SourceVersionDate "2010.09.01"]
[SourceQuality "1"]

1. e4 d6 2. d4 Nf6 3. Nc3 e5 4. Nf3 Nbd7 5. Bc4 Be7 6. 0-0 0-0 7. Re1 c6 8. a4 b6 9. Ba2 Bb7 10. Bg5 Qc7 11. Nh4 Rfe8 12. Nf5 Bf8 13. dxe5 dxe5 14. Qf3 a6 15. Rad1 Rad8 16. Nh6+ gxh6 17. Rxd7 Qxd7 18. Bxf6 h5 19. Qxh5 1-0